Public Health Perspectives on Disability Epidemiology to Ethics and Beyond /

Public Health Perspectives on Disability Donald J. Lollar, Elena Andresen, editors Traditionally, the public health viewpoint on disability was geared toward primary prevention of disabling conditions or events. More recently, with the movement for disability rights and the emergence of disability s...

Full description

Bibliographic Details
Corporate Author: SpringerLink (Online service)
Other Authors: Lollar, Donald J. (Editor), Andresen, Elena M. (Editor)
Format: Electronic eBook
Language:English
Published: New York, NY : Springer New York, 2011.
Edition:1.
Subjects:
Online Access:Full Text via HEAL-Link
LEADER 03588nam a22004455i 4500
001 978-1-4419-7341-2
003 DE-He213
005 20151204183049.0
007 cr nn 008mamaa
008 101109s2011 xxu| s |||| 0|eng d
020 |a 9781441973412  |9 978-1-4419-7341-2 
024 7 |a 10.1007/978-1-4419-7341-2  |2 doi 
040 |d GrThAP 
050 4 |a RA427.8 
072 7 |a MBN  |2 bicssc 
072 7 |a MED076000  |2 bisacsh 
082 0 4 |a 613  |2 23 
082 0 4 |a 614.44  |2 23 
245 1 0 |a Public Health Perspectives on Disability  |h [electronic resource] :  |b Epidemiology to Ethics and Beyond /  |c edited by Donald J. Lollar, Elena M. Andresen. 
250 |a 1. 
264 1 |a New York, NY :  |b Springer New York,  |c 2011. 
300 |a XXVII, 261 p.  |b online resource. 
336 |a text  |b txt  |2 rdacontent 
337 |a computer  |b c  |2 rdamedia 
338 |a online resource  |b cr  |2 rdacarrier 
347 |a text file  |b PDF  |2 rda 
505 0 |a Preface -- Introduction: History and Import -- Health Services Administration -- Biostatistics and Epidemiology -- Behavioral Science and Health Education -- Environmental Health Sciences and Occupational Health -- Health Law And Ethics -- Maternal And Child Health and Family Health -- International Health -- The School as a Physical Setting -- Student Essay -- Disasters and Disability. 
520 |a Public Health Perspectives on Disability Donald J. Lollar, Elena Andresen, editors Traditionally, the public health viewpoint on disability was geared toward primary prevention of disabling conditions or events. More recently, with the movement for disability rights and the emergence of disability studies, the challenge to the field has been to promote positive health outcomes in this underserved community. Such a change in public health culture must start at the educational level, yet training programs have generally been slow in integrating this perspective—with its potential for enriching the field—into their curricula. Public Health Perspectives on Disability meets this challenge with an educational framework for rethinking disability in public health study and practice, and for attaining the competencies that should accompany this knowledge. This reference balances history and epidemiology, scientific advances, advocacy and policy issues, real-world insights, and progressive recommendations, suiting it especially to disability-focused courses, or to add disability-related content to existing public health programs. Each chapter applies awareness and understanding of disabled persons’ experience to one of the core curriculum areas, including: • Health services administration. • Environmental health science and occupational health. • Health law and ethics. • The school as physical setting. • Maternal, child, and family health. • Disasters and disability. In Public Health Perspectives on Disability, faculty, researchers, administrators, and students in graduate schools of public health throughout the U.S. will find a worthy classroom text and a robust source of welcome—and much needed—change. 
650 0 |a Medicine. 
650 0 |a Health promotion. 
650 1 4 |a Medicine & Public Health. 
650 2 4 |a Health Promotion and Disease Prevention. 
700 1 |a Lollar, Donald J.  |e editor. 
700 1 |a Andresen, Elena M.  |e editor. 
710 2 |a SpringerLink (Online service) 
773 0 |t Springer eBooks 
776 0 8 |i Printed edition:  |z 9781441973405 
856 4 0 |u http://dx.doi.org/10.1007/978-1-4419-7341-2  |z Full Text via HEAL-Link 
912 |a ZDB-2-SME 
950 |a Medicine (Springer-11650)